| 000 | 00577nam a22002177i 4500 | ||
|---|---|---|---|
| 001 | 3787 | ||
| 003 | OSt | ||
| 005 | 20170126082323.0 | ||
| 007 | tu | ||
| 008 | 161220s1998 xxu||||| |||| 00| 0 d | ||
| 024 | 7 |
_a3786 _2RID |
|
| 040 | _cOSt | ||
| 084 |
_a9.41 _2z |
||
| 100 | 1 | _aMahlberg, Bernhard | |
| 245 | 0 | 0 | _aEffects of the Single Market on the Austrian Insurance Industry |
| 260 |
_aWien : _bÖsterreichisches Institut für Wirtschaftsforschung (WIFO), _c1998. |
||
| 300 |
_a29 S. ; _c30cm. |
||
| 490 |
_aWIFO Working Papers _v97 |
||
| 651 | _aMonarchie | ||
| 700 | 1 | _aUrl, Thomas | |
| 942 | _cB | ||
| 999 |
_c3726 _d3726 |
||